Biblioteca

La Palabra que edifica (Registro nro. 59754)

Detalles MARC
000 -LÍDER
Campo fijo de descripción fija 01044aab a2200217 4500
001 - NÚMERO DE CONTROL
Campo de control 768714001
003 - IDENTIFICADOR DEL NÚMERO DE CONTROL
Campo de control CO-MdFUSB
005 - FECHA Y HORA DE LA ULTIMA TRANSACCIÓN
control field 20240613100300.0
008 - ELEMENTOS DE LONGITUD FIJA -- INFORMACIÓN GENERAL
Campo fijo de descripción fija -- Información general 170523s1999 cr ||||| |||| 00| 0 spa d
022 ## - NÚMERO INTERNACIONAL NORMALIZADO PARA PUBLICACIONES SERIADAS
Número Internacional Normalizado para Publicaciones Seriadas 1409-1968
040 ## - FUENTE DE CATALOGACIÓN
Agencia Catalogadora CO-MdFUSB
Idioma de catalogación spa
Agencia que realiza la transcripción CO-MdFUSB
Agencia que realiza la modificación CO-MdFUSB
041 ## - CÓDIGO DE IDIOMA
Código de idioma para texto/pista de sonido o título separado spa
100 ## - ASIENTO PRINCIPAL--NOMBRE PERSONAL
Nombre personal Contreras, Serafín,
Término relacionador autor
245 13 - TÍTULO
Título La Palabra que edifica
Mención de responsabilidad / Serafín Contreras
300 ## - DESCRIPCIÓN FÍSICA
Extensión Volumen 16. Número 4 (1999), páginas 46-50
Dimensiones : 27 cm.
520 ## - NOTA DE RESUMEN, ETC.
Nota de sumario, etc. Músicos talentosos, graduados de prestigiosas universidades y consagrados deportistas, todos ellos miembros de la Secta Puerta del Cielo.. ciudadanos modelo y, sin embargo, se suicidaron en masa.<br/>¿Qué es lo que hace que la gente viva sin discernir la verdad de la mentira?<br/>Algo está pasando en el ambiente y parece que como iglesia no estamos percibiendo de qué se trata en realidad.
653 ## - TÉRMINO DE INDIZACIÓN - NO CONTROLADO
Término no controlado Edificación
773 0# - ASIENTO DE ITEM FUENTE
Título Apuntes Pastorales
Biblionumber 49442
Itemnumber 60164
Parte(s) relacionada(s) / Volumen., número. (mes año), páginas Volumen 16. Número 4 (1999), páginas 46-50
Enumeración y primera página Página 46
942 ## - TIPO DE MATERIAL (KOHA)
Tipo de Item KOHA Artículos de Revista
945 ## - INFORMACIÓN LOCAL DEL REGISTRO
Catalogador JTF-925

No hay ítems disponibles.

Biblioteca FUSBC | Teléfono: (57+4) 349 88 10 Ext. 141| WhatsApp (+57) 3005338115 
E-mail: biblioteca@unisbc.edu.co | Calle 76 87-14 Robledo Palenque, Medellín, Colombia

Con tecnología Koha